| 000 | 00705nam a2200217Ia 4500 | ||
|---|---|---|---|
| 003 | GCL | ||
| 005 | 20240530102422.0 | ||
| 008 | 140319s9999 xx 000 0 ara d | ||
| 040 |
_aGCL / _cGCL |
||
| 082 | 0 | 4 |
_a414 _bم م |
| 100 | 1 | _aمصطفى السعدنى | |
| 245 | 1 | 0 |
_aالمدخل اللغوى فى نقد الشعر : _bقراءة بنيوية / _cمصطفى السعدنى |
| 260 |
_a[ الاسكندرية ] : _bمنشاة المعارف ، _c1987 |
||
| 300 | _a168 ص | ||
| 650 | 0 | 4 | _aالشعر العربى |
| 650 | 0 | 4 | _aالادب العربى |
| 650 | 0 | 4 | _aاللغة العربية |
| 650 | 0 | 4 | _aالبلاغة العربية |
| 650 | 0 | 4 | _aتاريخ ونقد |
| 942 |
_2ddc _cBK |
||
| 999 |
_c32105 _d32105 |
||